عرض عادي عرض مارك
  • International Workshop on Database Programming Languages

مدخل إسم مؤتمر

عدد التسجيلات المستخدمة في: 1

001 - رقم الضبط

  • حقل الضبط: 8457

003 - معرف رقم الضبط

  • حقل الضبط: OSt

005 - تاريخ ووقت أخر عملية

  • حقل الضبط: 20111214172417.0

008 - عناصر بيانات ثابتة الطول

  • حقل تحكم ثابت الطول: 111214|||a|||||| | ||| d

040 ## - مصدر الفهرسة

  • هيئة الفهرسة الأصلية: OSt
  • وكالة الكتابة: OSt

111 ## - مدخل -- اسم مؤتمر

  • اسم الملتقي او اسم السلطه كعنصر مدخل: International Workshop on Database Programming Languages
  • رقم الجزء / القسم/ الملتقي: (9th :
  • تاريخ المؤتمر: 2003 :
  • مكان الملتقي: Potsdam, Germany)

670 ## - بيانات المصدر موجوده

  • الاستشهاد بالمصدر: Work cat.: (OSt)3728: International Workshop on Database Programming Languages (9th : 2003 : Potsdam, Germany), Database programming languages :, 2004.